Gregorian to Juche Years - Statistics

General Stats
  • This quiz has been taken 34 times
  • The average score is 8 of 20
Answer Stats
Gregorian Juche % Correct
2013 102
100%
1922 11
100%
1926 15
100%
1913 2
100%
1933 22
100%
1934 23
100%
1915 4
100%
1916 5
100%
1918 7
100%
1982 71
100%
1919 8
100%
1930 19
67%
1920 9
67%
2009 98
67%
2010 99
67%
2016 105
50%
1928 17
50%
2007 96
50%
1949 38
33%
1989 78
25%
1912 1
0%
1921 10
0%
2011 100
0%
2012 101
0%
2014 103
0%
2015 104
0%
2017 106
0%
2018 107
0%
2019 108
0%
2020 109
0%
2021 110
0%
1923 12
0%
1924 13
0%
1925 14
0%
1927 16
0%
1929 18
0%
1931 20
0%
1932 21
0%
1935 24
0%
1936 25
0%
1937 26
0%
1938 27
0%
1939 28
0%
1940 29
0%
1914 3
0%
1941 30
0%
1942 31
0%
1943 32
0%
1944 33
0%
1945 34
0%
1946 35
0%
1947 36
0%
1948 37
0%
1950 39
0%
1951 40
0%
1952 41
0%
1953 42
0%
1954 43
0%
1955 44
0%
1956 45
0%
1957 46
0%
1958 47
0%
1959 48
0%
1960 49
0%
1961 50
0%
1962 51
0%
1963 52
0%
1964 53
0%
1965 54
0%
1966 55
0%
1967 56
0%
1968 57
0%
1969 58
0%
1970 59
0%
1917 6
0%
1971 60
0%
1972 61
0%
1973 62
0%
1974 63
0%
1975 64
0%
1976 65
0%
1977 66
0%
1978 67
0%
1979 68
0%
1980 69
0%
1981 70
0%
1983 72
0%
1984 73
0%
1985 74
0%
1986 75
0%
1987 76
0%
1988 77
0%
1990 79
0%
1991 80
0%
1992 81
0%
1993 82
0%
1994 83
0%
1995 84
0%
1996 85
0%
1997 86
0%
1998 87
0%
1999 88
0%
2000 89
0%
2001 90
0%
2002 91
0%
2003 92
0%
2004 93
0%
2005 94
0%
2006 95
0%
2008 97
0%
No matching quizzes found
Score Distribution
Percent of People with Each Score
Percentile by Number Answered
Your Score History
You have not taken this quiz